<?xml version="1.0" encoding="UTF-8"?>
<collection xmlns="http://www.loc.gov/MARC21/slim">
 <record>
  <leader>01896cam a22003852  4500</leader>
  <controlfield tag="001">1117606775</controlfield>
  <controlfield tag="003">DE-627</controlfield>
  <controlfield tag="005">20210318181644.0</controlfield>
  <controlfield tag="007">tu</controlfield>
  <controlfield tag="008">950905s1957    xx |||||      00| ||ger c</controlfield>
  <datafield tag="035" ind1=" " ind2=" ">
   <subfield code="a">(DE-627)1117606775</subfield>
  </datafield>
  <datafield tag="035" ind1=" " ind2=" ">
   <subfield code="a">(DE-576)047606770</subfield>
  </datafield>
  <datafield tag="035" ind1=" " ind2=" ">
   <subfield code="a">(DE-599)BSZ047606770</subfield>
  </datafield>
  <datafield tag="035" ind1=" " ind2=" ">
   <subfield code="a">(OCoLC)312227586</subfield>
  </datafield>
  <datafield tag="035" ind1=" " ind2=" ">
   <subfield code="a">(OCoLC)312227586</subfield>
  </datafield>
  <datafield tag="040" ind1=" " ind2=" ">
   <subfield code="a">DE-627</subfield>
   <subfield code="b">ger</subfield>
   <subfield code="c">DE-627</subfield>
   <subfield code="e">rakwb</subfield>
  </datafield>
  <datafield tag="041" ind1=" " ind2=" ">
   <subfield code="a">ger</subfield>
   <subfield code="a">fre</subfield>
   <subfield code="a">eng</subfield>
  </datafield>
  <datafield tag="084" ind1=" " ind2=" ">
   <subfield code="a">LL 87680</subfield>
   <subfield code="2">rvk</subfield>
   <subfield code="0">(DE-625)rvk/100700:</subfield>
  </datafield>
  <datafield tag="100" ind1="1" ind2=" ">
   <subfield code="a">Bucher, François</subfield>
   <subfield code="4">aut</subfield>
  </datafield>
  <datafield tag="245" ind1="1" ind2="0">
   <subfield code="a">Notre-Dame de Bonmont und die ersten Zisterzienserabteien in der Schweiz</subfield>
   <subfield code="b"> = Les premières églises cisterciennes en Suisse</subfield>
   <subfield code="c">François Bucher</subfield>
  </datafield>
  <datafield tag="246" ind1="3" ind2="1">
   <subfield code="a">Les premières églises cisterciennes en Suisse</subfield>
  </datafield>
  <datafield tag="246" ind1="3" ind2="3">
   <subfield code="a">Les premières églises cisterciennes en Suisse</subfield>
  </datafield>
  <datafield tag="264" ind1=" " ind2="1">
   <subfield code="a">Bern</subfield>
   <subfield code="b">Benteli</subfield>
   <subfield code="c">1957</subfield>
  </datafield>
  <datafield tag="300" ind1=" " ind2=" ">
   <subfield code="a">281 S.</subfield>
   <subfield code="b">Ill.</subfield>
  </datafield>
  <datafield tag="336" ind1=" " ind2=" ">
   <subfield code="a">Text</subfield>
   <subfield code="b">txt</subfield>
   <subfield code="2">rdacontent</subfield>
  </datafield>
  <datafield tag="337" ind1=" " ind2=" ">
   <subfield code="a">ohne Hilfsmittel zu benutzen</subfield>
   <subfield code="b">n</subfield>
   <subfield code="2">rdamedia</subfield>
  </datafield>
  <datafield tag="338" ind1=" " ind2=" ">
   <subfield code="a">Band</subfield>
   <subfield code="b">nc</subfield>
   <subfield code="2">rdacarrier</subfield>
  </datafield>
  <datafield tag="490" ind1="1" ind2=" ">
   <subfield code="a">Berner Schriften zur Kunst</subfield>
   <subfield code="v">7</subfield>
  </datafield>
  <datafield tag="610" ind1="2" ind2="7">
   <subfield code="0">(DE-588)7555099-4</subfield>
   <subfield code="0">(DE-627)701331089</subfield>
   <subfield code="0">(DE-576)259729566</subfield>
   <subfield code="a">Kloster Bonmont</subfield>
   <subfield code="2">gnd</subfield>
  </datafield>
  <datafield tag="787" ind1="0" ind2="8">
   <subfield code="i">Rezensiert in</subfield>
   <subfield code="a">Wagner-Rieger, Renate, 1921 - 1980</subfield>
   <subfield code="t">[Rezension von: François Bucher, Notre-Dame de Bonmont und die ersten Zisterzienserabteien der Schweiz]</subfield>
   <subfield code="d">Nürnberg : Carl, 1958</subfield>
   <subfield code="w">(DE-627)1688505261</subfield>
  </datafield>
  <datafield tag="830" ind1=" " ind2="0">
   <subfield code="a">Berner Schriften zur Kunst</subfield>
   <subfield code="v">7</subfield>
   <subfield code="9">7</subfield>
   <subfield code="w">(DE-627)130165468</subfield>
   <subfield code="w">(DE-576)001981730</subfield>
   <subfield code="w">(DE-600)519240-7</subfield>
  </datafield>
  <datafield tag="936" ind1="r" ind2="v">
   <subfield code="a">LL 87680</subfield>
   <subfield code="b">Ordensbaukunst (Bettelorden etc.)</subfield>
   <subfield code="k">Kunstgeschichte</subfield>
   <subfield code="k">Kunst nach Ländern bzw. Kontinenten</subfield>
   <subfield code="k">Schweiz und Liechtenstein</subfield>
   <subfield code="k">Kunstgeschichte der Schweiz und Liechtensteins nach Gattungen</subfield>
   <subfield code="k">Architektur</subfield>
   <subfield code="k">Ordnung nach Bauträgern</subfield>
   <subfield code="k">Ordensbaukunst (Bettelorden etc.)</subfield>
   <subfield code="0">(DE-627)127119919X</subfield>
   <subfield code="0">(DE-625)rvk/100700:</subfield>
   <subfield code="0">(DE-576)20119919X</subfield>
  </datafield>
  <datafield tag="951" ind1=" " ind2=" ">
   <subfield code="a">BO</subfield>
  </datafield>
  <datafield tag="991" ind1=" " ind2=" ">
   <subfield code="a">Rezensiertes Werk</subfield>
  </datafield>
  <datafield tag="999" ind1=" " ind2=" ">
   <subfield code="a">KXP-PPN1117606775</subfield>
   <subfield code="e">4077464927</subfield>
  </datafield>
 </record>
</collection>
